00458nam a22001457a 450000500170000000800410001702000150005804100130007308200140008610000240010024501220012426000090024630000320025565000250028720231108104228.0231108b |||||||| |||| 00| 0 eng d a0620182369 aEnglish  a346.3 KOC aKoch, RJ lEnglish  aThe Reduced Utility of a Life Plan : bas basis for the assessment damages for personal injury and death / cRJ Koch  c1993 bxlix, 382 pages ; c26 cm.  aLegal practice bLaw